| 000 | 00807nab a2200253 4500 | ||
|---|---|---|---|
| 003 | BR-BrBNA | ||
| 005 | 20250326123546.0 | ||
| 008 | 250326b bl.||||| |||| 00| 0 por d | ||
| 040 |
_aBR-BrBNA _bpor |
||
| 072 | _aE16 ; E70 ; E72 | ||
| 100 | _aZepper, Paulo | ||
| 245 |
_aÂncora verde _bAgroeconomia |
||
| 500 | _a2 illus.; 1 table | ||
| 650 | _aPRODUTO AGRÍCOLA | ||
| 650 | _aTAXA DE CÂMBIO | ||
| 650 | _aPRODUTORES | ||
| 650 | _aPREÇO RECEBIDO | ||
| 650 | _aMERCADO INTERNO | ||
| 650 | _aDEMANDA EXTERNA | ||
| 650 | _aOFERTA DE PRODUTO | ||
| 773 | 0 |
_01706 _9346301 _dSão Paulo-SP Editora Três Ltda - E-mail: luizfsa@revistadinheiro.com.br 2004 _o2024-6955 _tDinheiro Rural (Brazil) _x1807-3700 _gv. 3(19) p. 24-25; (May 2006) _wBR2025000398 |
|
| 942 | _cANA | ||
| 999 |
_c330673 _d330673 |
||